An asset and a challenge (Record no. 107578)

MARC details
000 -LEADER
fixed length control field 01180cad a22002175a 4500
001 - CONTROL NUMBER
control field L140934
008 - FIXED-LENGTH DATA ELEMENTS--GENERAL INFORMATION
fixed length control field 071017s2007 xxkbo f 000 0 eng d
035 ## - SYSTEM CONTROL NUMBER
System control number (Sirsi) u140934
041 0# - LANGUAGE CODE
Language code of text/sound track or separate title eng
050 04 - LIBRARY OF CONGRESS CALL NUMBER
Classification number 711.52 $2 18
110 2# - MAIN ENTRY--CORPORATE NAME
Corporate name or jurisdiction name as entry element English Heritage
9 (RLIN) 2714
245 03 - TITLE STATEMENT
Title An asset and a challenge
Remainder of title heritage and regeneration in coastal towns in England, final report, October 2007
Medium [electronic resource]
260 ## - PUBLICATION, DISTRIBUTION, ETC.
Place of publication, distribution, etc. Swindon
Name of publisher, distributor, etc. English Heritage
Date of publication, distribution, etc. 2007
520 ## - SUMMARY, ETC.
Summary, etc. Covers the range of issues affecting coastal towns in Britain. Uses case studies to promote good practice of regeneration using heritage issues as its catalyst. Explores the issues from the perspective of national policies and issues including climate change and sustainability, contemporary tourism and creative industries. Concludes that heritage offers a powerful and positive resource for delivering regeneration to historic coastal towns.
590 ## - LOCAL NOTE (RLIN)
Local note KA
651 #4 - SUBJECT ADDED ENTRY--GEOGRAPHIC NAME
Geographic name England
Chronological subdivision 886-
690 ## - LOCAL SUBJECT ADDED ENTRY--TOPICAL TERM (OCLC, RLIN)
Topical term or geographic name as entry element PROPERTY-PROPERTY MANAGEMENT-REGENERATION
710 2# - ADDED ENTRY--CORPORATE NAME
Corporate name or jurisdiction name as entry element Urban Practitioners
856 40 - ELECTRONIC LOCATION AND ACCESS
Uniform Resource Identifier <a href="https://www.helm.org.uk/server/show/nav.18087">https://www.helm.org.uk/server/show/nav.18087</a>
Public note View the item free of charge at www.helm.org.uk...
942 ## - ADDED ENTRY ELEMENTS (KOHA)
Suppress in OPAC 0
Holdings
Withdrawn status Lost status Source of classification or shelving scheme Damaged status Not for loan Home library Current library Shelving location Date acquired Total Checkouts Full call number Barcode Date last seen Copy number Price effective from Koha item type
    Dewey Decimal Classification     Virtual Virtual Online 19/10/2007   ONLINE PUBLICATION 140934-1001 06/08/2019 1 06/08/2019 Book